Лица необщим выраженьем... (Запись № 894037)
[ простой вид ]
| 000 -МАРКЕР | |
|---|---|
| контрольное поле | 02002nam1a2200325 i 4500 |
| 001 - ИДЕНТИФИКАТОР ЗАПИСИ | |
| контрольное поле | RU\NLR\bibl\828791 |
| 005 - ИДЕНТИФИКАТОР ВЕРСИИ | |
| контрольное поле | 20260407045835.0 |
| 035 ## - ДРУГИЕ СИСТЕМНЫЕ НОМЕРА | |
| Идентификатор записи | (NLR Aleph) 001346540 |
| 100 ## - ДАННЫЕ ОБЩЕЙ ОБРАБОТКИ | |
| Данные общей обработки | 20050805g20049999u y0rusy50 ca |
| 101 0# - ЯЗЫК РЕСУРСА | |
| Язык текста, звукозаписи и т.д. | русский |
| 102 ## - СТРАНА ПУБЛИКАЦИИ ИЛИ ПРОИЗВОДСТВА | |
| Страна публикации | Российская Федерация |
| 105 ## - ПОЛЕ КОДИРОВАННЫХ ДАННЫХ: ТЕКСТОВЫЕ МАТЕРИАЛЫ, МОНОГРАФИЧЕСКИЕ | |
| Кодированные данные о монографическом текстовом документе | ||||z ||||| |
| 200 1# - ЗАГЛАВИЕ И СВЕДЕНИЯ ОБ ОТВЕТСТВЕННОСТИ | |
| Основное заглавие | Лица необщим выраженьем... |
| Сведения, относящиеся к заглавию | история библиотеки в судьбах ее сотрудников |
| -- | биографические очерки |
| Первые сведения об ответственности | М-во образования и науки Рос. Федерации, Мар. гос. техн. ун-т |
| Последующие сведения об ответственности | [сост. Л.К. Яшина и др.] |
| 210 ## - ПУБЛИКАЦИЯ, РАСПРОСТРАНЕНИЕ И ДР. | |
| Место издания, распространения и т.д. | Йошкар-Ола |
| Имя издателя, распространителя и т. д. | Марийский государственный технический университет |
| Дата издания, распространения и т.д. | 2004 |
| 215 ## - ФИЗИЧЕСКАЯ ХАРАКТЕРИСТИКА | |
| Размеры | 21 |
| 225 1# - СЕРИЯ | |
| Основное заглавие серии | Биографические материалы |
| Наименование части | Серия "История НТБ МарГТУ" |
| 463 #0 - УРОВЕНЬ ФИЗИЧЕСКОЙ ЕДИНИЦЫ | |
| Встроенное поле | 001803334 |
| 601 02 - НАИМЕНОВАНИЕ ОРГАНИЗАЦИИ КАК ПРЕДМЕТ | |
| Начальный элемент ввода | Марийский государственный технический университет |
| Структурное подразделение организации | Научно-техническая библиотека |
| Идентифицирующий признак | Йошкар-Ола, город |
| Тематический подзаголовок | Кадры |
| Системный номер авторитетной/нормативной записи | 2386388 |
| Идентификатор авторитетной/нормативной записи | RU\NLR\auth\661423428 |
| 601 02 - НАИМЕНОВАНИЕ ОРГАНИЗАЦИИ КАК ПРЕДМЕТ | |
| Начальный элемент ввода | Марийский государственный технический университет |
| Структурное подразделение организации | Научно-техническая библиотека |
| Идентифицирующий признак | Йошкар-Ола, город |
| Тематический подзаголовок | История |
| Системный номер авторитетной/нормативной записи | 2386376 |
| Идентификатор авторитетной/нормативной записи | RU\NLR\auth\661423422 |
| 686 ## - ИНДЕКСЫ ДРУГИХ КЛАССИФИКАЦИЙ | |
| Индекс | Ч734(2)718.1 |
| 702 #1 - ИМЯ ЛИЦА - ВТОРИЧНАЯ ОТВЕТСТВЕННОСТЬ | |
| Начальный элемент ввода | Яшина |
| Часть имени, кроме начального элемента ввода | Л. К. |
| Расширение инициалов личного имени | Людмила Казимовна |
| Код отношения | Составитель |
| 712 02 - НАИМЕНОВАНИЕ ОРГАНИЗАЦИИ - ВТОРИЧНАЯ ОТВЕТСТВЕННОСТЬ | |
| Код отношения | Прочие |
| Начальный элемент ввода | Марийский государственный технический университет |
| Структурное подразделение | Научно-техническая библиотека |
| Идентифицирующий признак | Йошкар-Ола |
| Системный номер авторитетной/нормативной записи | 535377 |
| Идентификатор авторитетной/нормативной записи | RU\NLR\AUTH\8810018745 |
| 801 #0 - ИСТОЧНИК ЗАПИСИ | |
| Страна | Российская Федерация |
| Организация | NLR |
| Дата составления | 20050805 |
| Правила каталогизации | rcr |
| 801 #1 - ИСТОЧНИК ЗАПИСИ | |
| Страна | Российская Федерация |
| Организация | NLR |
| Дата составления | 20050805 |
| 830 ## - ОБЩЕЕ ПРИМЕЧАНИЕ, СОСТАВЛЕННОЕ КАТАЛОГИЗАТОРОМ | |
| Текст примечания | сост. по кн. |
| 852 ## - МЕСТОНАХОЖДЕНИЕ И ШИФР ХРАНЕНИЯ | |
| Идентификатор организации | NLR |
| Наименование фонда или коллекции (Sub-Location Identifier) | Б |
| 942 ## - ДОПОЛНИТЕЛЬНЫЕ ЭЛЕМЕНТЫ ЗАПИСИ (АБИС) | |
| Тип экземпляра АБИС | Книга |
Нет доступных экземпляров.